Countries of Europe by Road Signs - Statistics

General Stats
  • This quiz has been taken 91 times
  • The average score is 31 of 51
Answer Stats
Picture Answer % Correct
Monaco
97%
Switzerland
95%
Vatican City
95%
Belgium
90%
France
90%
Spain
87%
United Kingdom
87%
Italy
85%
Netherlands
85%
Slovenia
83%
Poland
82%
Ireland
78%
Belarus
77%
Andorra
75%
Turkey
75%
Lithuania
72%
Ukraine
72%
Iceland
68%
Luxembourg
68%
Cyprus
67%
Kosovo
67%
Malta
67%
Finland
65%
North Macedonia
62%
Norway
62%
Croatia
60%
Germany
60%
Portugal
58%
Moldova
55%
Romania
55%
Armenia
53%
Russia
52%
Austria
50%
Bosnia and Herzegovina
50%
Bulgaria
48%
Hungary
48%
Georgia
47%
Kazakhstan
47%
Czechia
45%
Greece
45%
Azerbaijan
40%
Latvia
40%
Serbia
38%
Sweden
38%
Liechtenstein
35%
Estonia
33%
Montenegro
33%
Albania
30%
Slovakia
30%
Denmark
27%
San Marino
27%
No matching quizzes found
Score Distribution
Percent of People with Each Score
Percentile by Number Answered
Your Score History
You have not taken this quiz